000 00289nam a22001337a 4500
020 _a0-439-71168-1
082 _a823
_bCRI/W
100 _aCRISP, MARTY
245 _aA DOG ON THE TITANIC
260 _aNEW YORK
_bSCHOLASTIC
300 _a150
650 _aNOVEL
_zUNITED STATES
942 _cBK
999 _c2916
_d2916